书目信息 |
| 题名: |
现代磁学
|
|
| 作者: | 冯索夫斯基 著 | |
| 分册: | ||
| 出版信息: | 北京 科学出版社 1960 |
|
| 页数: | 354页 | |
| 开本: | 20cm | |
| 丛书名: | ||
| 单 册: | ||
| 中图分类: | O441.2 | |
| 科图分类: | ||
| 主题词: | 电磁学 , 电动力学 | |
| 电子资源: | ||
| ISBN: | ||
| 000 | 00586nam0 2200217 450 | |
| 001 | 0658768156 | |
| 005 | 20060731162102.29 | |
| 010 | @dCNY1.70 | |
| 100 | @a20060731d1960 km y0chiy0120 ea | |
| 101 | 0 | @achi@crus |
| 102 | @aCN@b110000 | |
| 102 | @aCN@b110000 | |
| 200 | 1 | @a现代磁学@Axian dai ci xue@fC·B·冯索夫斯基著@FC·B·feng suo fu si ji zhu |
| 210 | @a北京@c科学出版社@d1960 | |
| 215 | @a354页@d20cm | |
| 606 | 0 | @a电磁学 |
| 606 | 0 | @a电动力学 |
| 690 | @aO441.2@v3 | |
| 701 | 0 | @a冯索夫斯基@Afeng suo fu si ji@4著 |
| 801 | 0 | @aCN@bPFT@c20060731 |
| 905 | @a10447@dO441.2@e106 | |
| 现代磁学/C·B·冯索夫斯基著.-北京:科学出版社,1960 |
| 354页;20cm |
| ISBN :CNY1.70 |
| ● |
| 相关链接 |
|
|
|
|
正题名:现代磁学
索取号:O441.2/106
 
预约/预借
| 序号 | 登录号 | 条形码 | 馆藏地/架位号 | 状态 | 备注 |
| 1 | 0434077 | 204340775 | 密集书库/ [索取号:O441.2/106] | 在馆 |